000 00373nam a22001577a 4500
003 OSt
005 20211020160200.0
008 211020b |||||||| |||| 00| 0 eng d
020 _a0-935734-27-9
040 _cHawassa University
050 _a631.4/SOI
_b2
082 _a631.4/SOI
_b2
245 _aSoilConservation For Survival
260 _c1992
942 _2ddc
_cBOOKS
_n0
999 _c13873
_d13873